The Pakistan Army 1966-71 (Record no. 63506)

000 -LEADER
fixed length control field 00496nam a22001817a 4500
003 - CONTROL NUMBER IDENTIFIER
control field NUST - PNEC
005 - DATE AND TIME OF LATEST TRANSACTION
control field 20170116180815.0
008 - FIXED-LENGTH DATA ELEMENTS--GENERAL INFORMATION
fixed length control field 150519b xxu||||| |||| 00| 0 eng d
020 ## - INTERNATIONAL STANDARD BOOK NUMBER
International Standard Book Number -
040 ## - CATALOGING SOURCE
Transcribing agency LIBRARY
082 ## - DEWEY DECIMAL CLASSIFICATION NUMBER
Classification number 355.9549 SHA
100 ## - MAIN ENTRY--PERSONAL NAME
9 (RLIN) 3617
Personal name Shaukat Riza
245 ## - TITLE STATEMENT
Title The Pakistan Army 1966-71
Statement of responsibility, etc. Maj. Gen (Retd) Shaukat Riza
260 ## - PUBLICATION, DISTRIBUTION, ETC.
Place of publication, distribution, etc. Lahore:
Name of publisher, distributor, etc. Service Books Club,
300 ## - PHYSICAL DESCRIPTION
Extent 240 p. :
Dimensions 22 cm.
650 ## - SUBJECT ADDED ENTRY--TOPICAL TERM
9 (RLIN) 3618
Topical term or geographic name entry element Pakistan, History of Army
General subdivision General
942 ## - ADDED ENTRY ELEMENTS (KOHA)
Source of classification or shelving scheme
Koha item type Book
Holdings
Withdrawn status Lost status Source of classification or shelving scheme Damaged status Not for loan Permanent Location Current Location Shelving location Date acquired Source of acquisition Cost, normal purchase price Total Checkouts Full call number Barcode Date last seen Cost, replacement price Price effective from Koha item type
          Pakistan Navy Engineering College (PNEC) Pakistan Navy Engineering College (PNEC)   05/06/1991 Service Book Club 175.00   355.9549 SHA PNECLIB-015257 05/19/2015 175.00 05/06/1991 Book
© 2023 Central Library, National University of Sciences and Technology. All Rights Reserved.